FUNDAMENTAL OF MEDICAL PHYSIOLOGY (Record no. 25263)

MARC details
000 -LEADER
fixed length control field 00406nam a22001697a 4500
003 - CONTROL NUMBER IDENTIFIER
control field SGT
020 ## - INTERNATIONAL STANDARD BOOK NUMBER
International Standard Book Number 9789391208073
082 ## - DEWEY DECIMAL CLASSIFICATION NUMBER
Classification number 612
Item number F23K
100 ## - MAIN ENTRY--PERSONAL NAME
Personal name KRISHNA, A.P.
245 ## - TITLE STATEMENT
Title FUNDAMENTAL OF MEDICAL PHYSIOLOGY
250 ## - EDITION STATEMENT
Edition statement 1ST
260 ## - PUBLICATION, DISTRIBUTION, ETC. (IMPRINT)
Place of publication, distribution, etc INDIA
Name of publisher, distributor, etc INNOVATIVE PUB
Year of Publication 2023
300 ## - PAGE DESCRIPTION
No. of Pages 596
650 ## - SUBJECT ADDED ENTRY--TOPICAL TERM
Topical term or geographic name as entry element HUMAN PHYSIOLOGY
653 ## - KEYWORDS--INDEX TERM
Keyword term FUNDAMENTAL OF MEDICAL PHYSIOLOGY
942 ## - ADDED ENTRY ELEMENTS (KOHA)
Source of classification or shelving scheme Dewey Decimal Classification
Koha item type Books
942 ## - ADDED ENTRY ELEMENTS (KOHA)
-- 28
Holdings
Withdrawn status Lost status Source of classification or shelving scheme Damaged status Not for loan Collection code Home library Current library Shelving location Date acquired Vendor Name Cost, normal purchase price SGTU Bill Number Full call number Accession No. (Barcode) Date last seen Bill Date Koha item type Total Checkouts Total Renewals Date last borrowed
    Dewey Decimal Classification   Not For Loan MEDICAL SGT Medical Library SGT Medical Library Reference Book 20/11/2023 ABC DELHI 1650.00 SGTU 17259 612 F23K FM13939 20/11/2023 18/08/2023 Books      
    Dewey Decimal Classification     MEDICAL SGT Medical Library SGT Medical Library Text Book 20/11/2023 ABC DELHI 1650.00 SGTU 17259 612 F23K FM13940 22/11/2025 18/08/2023 Books 8 1 28/10/2025
    Dewey Decimal Classification     MEDICAL SGT Medical Library SGT Medical Library Text Book 20/11/2023 ABC DELHI 1650.00 SGTU 17259 612 F23K FM13941 02/12/2025 18/08/2023 Books 2   17/11/2025
    Dewey Decimal Classification     MEDICAL SGT Medical Library SGT Medical Library Text Book 20/11/2023 ABC DELHI 1650.00 SGTU 17259 612 F23K FM13942 15/12/2025 18/08/2023 Books 13   01/12/2025
    Dewey Decimal Classification     MEDICAL SGT Medical Library SGT Medical Library Text Book 20/11/2023 ABC DELHI 1650.00 SGTU 17259 612 F23K FM13943 02/12/2025 18/08/2023 Books 3   17/11/2025
    Dewey Decimal Classification     MEDICAL SGT Medical Library SGT Medical Library Text Book 20/11/2023 ABC DELHI 1650.00 SGTU 17259 612 F23K FM13944 09/12/2025 18/08/2023 Books 6   27/11/2025
    Dewey Decimal Classification     MEDICAL SGT Medical Library SGT Medical Library Text Book 20/11/2023 ABC DELHI 1650.00 SGTU 17259 612 F23K FM13945 31/03/2026 18/08/2023 Books 7   31/03/2026
    Dewey Decimal Classification     MEDICAL SGT Medical Library SGT Medical Library Text Book 20/11/2023 ABC DELHI 1650.00 SGTU 17259 612 F23K FM13946 12/12/2025 18/08/2023 Books 6   25/11/2025